|
|
|
|
| LEADER |
00000cam a2200000 a 4500 |
| 001 |
vtls001418050 |
| 003 |
SK-MaSNL |
| 005 |
20260301202405.0 |
| 008 |
251029s2001 xo r 000 f slo |
| 015 |
|
|
|a SNBA2001/09-03319
|
| 020 |
|
|
|a 8080492409
|c 52,00 Sk
|
| 035 |
|
|
|a SNK000372848
|
| 035 |
|
|
|a urn:nbn:sk:snk-amjd24
|
| 035 |
|
|
|a urn:nbn:sk:snk-am002o2v
|
| 035 |
|
|
|a 7CF5B00B-93E2-4032-99A0-BF0755D2752A
|
| 040 |
|
|
|a SNK
|b slo
|c SNK
|e AACR2
|
| 041 |
1 |
|
|a slo
|h eng
|
| 044 |
|
|
|a xo
|c SK
|
| 080 |
|
|
|a 820 (73)-3
|2 1981
|
| 100 |
1 |
|
|a Dailey, Janet,
|d 1944-2013
|4 aut
|9 203187
|
| 240 |
1 |
0 |
|a Boss man from Ogallala
|l Slovensky
|
| 245 |
1 |
0 |
|a Kovboj
|c Janet Dailey ; [preložili R. Koutný, N. Záturecká]
|
| 260 |
|
|
|a Martin
|b Wist
|c 2001
|
| 300 |
|
|
|a 150 s.
|c 19 cm
|
| 490 |
1 |
|
|a Love story
|v 178
|
| 500 |
|
|
|a Údaj o prekl. prevzatý z rubu tit. strany
|
| 650 |
0 |
7 |
|a romány ľúbostné americké
|2 SNK
|9 295326
|
| 655 |
|
7 |
|a americké romány
|2 SNKPH
|9 1174
|
| 700 |
1 |
|
|a Koutný, Radim
|4 trl
|9 44950
|
| 700 |
1 |
|
|a Záturecká, N.
|4 trl
|9 584348
|
| 830 |
|
0 |
|a Love story
|9 276554
|
| 919 |
|
|
|a 80-8049-240-9
|
| 958 |
|
|
|a OND
|
| 958 |
|
|
|a TL
|
| 958 |
|
|
|a UP
|
| 958 |
|
|
|a NS
|
| 958 |
|
|
|a LX
|
| 968 |
|
|
|b ENG
|
| 999 |
|
|
|c 898656
|d 900586
|
| 952 |
|
|
|t P60, <05>, [BOOK], {605}
|a SNK
|b SNK
|y PREZ
|7 0
|p 17A0310475
|o snkSD 71726 D1
|i snkKSP 9372/2001
|0 0
|1 0
|4 0
|d 2001-08-08
|f 1
|l 0
|r 2005-01-02 00:00:00
|w 2026-02-24
|
| 952 |
|
|
|t P60, <03>, [BOOK], {603}
|a SNK
|b SNK
|y PREZ
|7 0
|p 17A0310469
|o snkSD 71726
|i snkKSP 9371/2001
|0 0
|1 0
|4 0
|d 2001-08-08
|l 0
|r 2005-01-02 00:00:00
|w 2026-02-24
|